000 00581nam a2200229Ia 4500
003 OSt
005 20220925221011.0
006 a|||||r|||| 00| 0
007 ta
008 220923b |||||||| |||| 00| 0 eng d
037 _cGeneral Book
040 _aRTL
_cRTL
_beng
041 _2eng
_aeng
082 _aX61, K9
100 _aHarrod Roy
_923823
245 0 _aMoney
260 _aLondon
_bMacmillan U. K.
_c1969
300 _axi, 355p.
_ccm.
650 _aMoney Economics
_9236666
942 _hX61, K9
_cGB
_2CC
999 _c573050
_d573050